000
00319pab a2200145 454500
008
180718b2001 xxu||||| |||| 00| 0 eng d
100
_a
Norka, S.
245
_a
Coping with political Islam.
260
_c
2001
300
_a
p.157-62
362
_a
July-Aug
650
_a
Islam
773
_a
Encounter
909
_a
51156
999
_c
51156
_d
51156